North American Sports Championship Runners-up Since 2000 - Statistics

General Stats
  • This quiz has been taken 1,241 times
    865 since last reset
  • The average score is 65 of 95
Answer Stats
Year % Correct
2017 New England Patriots
92%
2011 New England Patriots
92%
2007 New England Patriots
92%
2008 Los Angeles Lakers
89%
2004 Los Angeles Lakers
89%
2019 Golden State Warriors
88%
2016 Golden State Warriors
88%
2023 San Francisco 49ers
88%
2019 San Francisco 49ers
88%
2012 San Francisco 49ers
88%
2020 Kansas City Chiefs
87%
2023 Miami Heat
87%
2020 Miami Heat
87%
2014 Miami Heat
87%
2011 Miami Heat
87%
2022 Boston Celtics
85%
2010 Boston Celtics
85%
2000 New York Giants
85%
2003 New York Yankees
85%
2001 New York Yankees
85%
2002 San Francisco Giants
85%
2018 Cleveland Cavaliers
83%
2017 Cleveland Cavaliers
83%
2015 Cleveland Cavaliers
83%
2007 Cleveland Cavaliers
83%
2022 Philadelphia Eagles
82%
2004 Philadelphia Eagles
82%
2015 Carolina Panthers
80%
2003 Carolina Panthers
80%
2023 Florida Panthers
80%
2018 Los Angeles Rams
80%
2001 St. Louis Rams
80%
2014 Seattle Seahawks
79%
2005 Seattle Seahawks
79%
2008 Arizona Cardinals
77%
2013 St. Louis Cardinals
77%
2004 St. Louis Cardinals
77%
2021 Houston Astros
76%
2019 Houston Astros
76%
2005 Houston Astros
76%
2013 Denver Broncos
75%
2018 Los Angeles Dodgers
75%
2017 Los Angeles Dodgers
75%
2014 New York Rangers
75%
2011 Texas Rangers
75%
2010 Texas Rangers
75%
2013 San Antonio Spurs
74%
2010 Pittsburgh Steelers
71%
2015 New York Mets
68%
2000 New York Mets
68%
2016 Atlanta Falcons
67%
2021 Cincinnati Bengals
67%
2006 Dallas Mavericks
66%
2021 Phoenix Suns
65%
2023 Arizona Diamondbacks
64%
2019 Boston Bruins
64%
2013 Boston Bruins
64%
2005 Detroit Pistons
64%
2008 Pittsburgh Penguins
63%
2009 Indianapolis Colts
62%
2022 Philadelphia Phillies
62%
2009 Philadelphia Phillies
62%
2006 Chicago Bears
61%
2012 Oklahoma City Thunder
60%
2022 Tampa Bay Lightning
60%
2015 Tampa Bay Lightning
60%
2014 Kansas City Royals
58%
2009 Detroit Red Wings
57%
2021 Montreal Canadiens
57%
2003 New Jersey Nets
57%
2002 New Jersey Nets
57%
2020 Tampa Bay Rays
56%
2008 Tampa Bay Rays
56%
2016 Cleveland Indians
55%
2002 Oakland Raiders
55%
2009 Orlando Magic
55%
2001 Philadelphia 76ers
55%
2006 Edmonton Oilers
53%
2012 Detroit Tigers
52%
2006 Detroit Tigers
52%
2018 Vegas Golden Knights
52%
2020 Dallas Stars
51%
2000 Dallas Stars
51%
2011 Vancouver Canucks
49%
2012 New Jersey Devils
46%
2001 New Jersey Devils
46%
2010 Philadelphia Flyers
46%
2016 San Jose Sharks
45%
2000 Indiana Pacers
44%
2003 Anaheim Ducks
41%
2007 Colorado Rockies
41%
2004 Calgary Flames
40%
2002 Carolina Hurricanes
40%
2017 Nashville Predators
39%
2007 Ottawa Senators
38%
No matching quizzes found
Score Distribution
Percent of People with Each Score
Percentile by Number Answered
Your Score History
You have not taken this quiz since the last reset